Filmographie Wes Anderson - Statistiques

Statistiques générales
  • Ce quiz a été pris 65 fois
  • Le résultat moyen est 8 sur 12
Statistiques - réponses
Année Films % Correct
2014 The Grand Budapest Hotel
93%
2009 Fantastic Mr. Fox
84%
2023 Asteroid City
81%
2021 The French Dispatch
79%
2012 Moonrise Kingdom
72%
2018 L'Île aux chiens
70%
2007 À bord du Darjeeling Limited
67%
2004 La Vie aquatique
63%
2001 La Famille Tenenbaum
61%
1998 Rushmore
49%
1996 Bottle Rocket
44%
2023(recueil de 4 courts-métrages) La Merveilleuse Histoire de Henry Sugar et trois autres contes
14%
Aucun quiz correspondant
Distribution des résultats
% des personnes avec chaque résultat
Percentile par nombre de réponses
Votre historique - résultats
Vous n’avez pas pris ce quiz